Statistiques concernant Les footballeurs néerlandais en 2024 (image)

Cliquez ici pour prendre le quiz!

Statistiques générales

  • Ce quiz a été pris 83 fois
  • Le résultat moyen est 15 sur 20

Statistiques - réponses

Réponse% Correct
Virgil van Dijk
100%
Frenkie de Jong
99%
Menphis Depay
99%
Xavi Simons
97%
Matthijs de Ligt
96%
Nathan Aké
96%
Jeremie Frimpong
94%
Cody Gakpo
92%
Donyell Malen
84%
Daley Blind
83%
Denzel Dumfries
83%
Stefan de Vrij
71%
Tyrell Malacia
69%
Georginio Wijnaldum
68%
Ryan Gravenberch
65%
Sven Botman
62%
Wout Weghorst
53%
Micky van de Ven
51%
Steven Berghuis
35%
Bart Verbruggen
21%

Distribution des résultats

Percentile par nombre de réponses

% des personnes avec chaque résultat

Votre développement - résultats

Vous n’avez pas pris ce quiz